Estudio de vialidad en el proyecto de riego de Guanacaste.

Sábháilte in:
Sonraí bibleagrafaíochta
Príomhchruthaitheoir: Salazar Vargas, José Enrique
Formáid: LEABHAR
Foilsithe / Cruthaithe: San José, Costa Rica 1987
Ábhair:
Clibeanna: Cuir clib leis
Níl clibeanna ann, Bí ar an gcéad duine le clib a chur leis an taifead seo!

MARC

LEADER 00000nam a2200000Ia 4500
003 004396
005 20221231144347.0
008 140114s1987 cr a m 000 ||s d
040 |c cru CEDI 
090 |a TFG 2012 
100 |a Salazar Vargas, José Enrique  |9 13779 
245 |a Estudio de vialidad en el proyecto de riego de Guanacaste. 
260 |c 1987  |a San José, Costa Rica 
300 |a  iii, [199] hojas : ilustraciones (algunas plegables) ; 28 cm  
500 |a  Tesis (licenciatura en ingeniería civil)--Universidad de Costa Rica. Facultad de Ingeniería. Escuela de Ingeniería Civil, 
650 |x PROYECTO DE RIEGO ARENAL-TEMPISQUE (COSTA RICA)   |x RIEGO - GUANACASTE (COSTA RICA)  |9 10301 
942 |c TFG  |2 ddc 
999 |c 20724  |d 20724